000 01175nam a2200277 a 4500
999 _c20222
_d20222
005 20180605114018.0
008 140424s2012 ck a gr 00010dspa d
020 _a9789587530605
020 _a9789587530582 (obra completa)
040 _aCO-BoBLA
_cCO-BoBLA
_dCO-BoIAVH
041 0 _aspa
044 _ack
082 0 4 _a306.409861
_bP14h
100 1 _aHoyos, Cristo
_d1952-
245 1 0 _aTambucos, ceretas y cafongos :
_brecipientes, soportes y empaques del antiguo departamento de Bolívar /
_cCristo Hoyos
250 _aSegunda edición
260 _aBogotá (Colombia) :
_bMinisterio de Cultura,
_c2012.
300 _a184 páginas :
_bilustraciones ;
_c21 x 17 cm.
490 0 _aBiblioteca básica de cocinas tradicionales de Colombia ;
_v13
504 _aIncluye referencias bibliográficas: páginas 151-153.
600 1 4 _aHoyos, Cristo
_d1952-
_x Trabajos pictóricos.
650 2 4 _aUtensilios de cocina
_zCosta Atlántica (Colombia)
_vFotografías
650 2 4 _aMuebles
_zCosta Atlántica (Colombia)
_vFotografías
650 2 4 _aPreparación de alimentos
_zCosta Atlántica (Colombia)
_vFotografías
942 _2ddc
_cLIBRO